000 00443cam a2200169ua 4500
020 _c6.00
041 _aeng
_h
082 _a633.171
_bKRI/BA
100 _aKrishnaswami, N .
245 _aBajra: Pennisetum typhoids S&H /
_cN Krishnaswami.
_hTextual Documents
260 _aNew Delhi :
_bIndian Council for Agricultural Research ,
_c1961.
300 _a94 ; .
365 _a6.00
504 _a
942 _cBK
999 _c3555
_d3555